[Event "IECC O-4903"]
[Site "IECC email"]
[Date "2020.06.07"]
[Round "?"]
[White "Souply, Yves"]
[Black "Taillefer, Serge"]
[Result "1-0"]
[WhiteElo "1963"]
[BlackElo "1864"]
[PlyCount "69"]
[EventDate "2020.??.??"]
[EventType "swiss (corr)"]
[EventRounds "2"]
[SourceTitle "Corr 2024"]
[Source "ChessBase"]
[SourceDate "2023.10.19"]
[SourceVersion "1"]
[SourceVersionDate "2023.10.19"]
[SourceQuality "1"]
[WhiteTeam "Belgien"]
[BlackTeam "Kanada"]
[WhiteTeamCountry "BEL"]
[BlackTeamCountry "CAN"]

1. d4 d5 2. c4 e6 3. Nf3 Nf6 4. g3 Be7 5. Bg2 Nbd7 6. 0-0 Ne4 7. Qc2 c6 8. Nbd2 f5 9. b3 0-0 10. Bb2 Bb4 11. a3 Nxd2 12. Nxd2 Bd6 13. Nf3 Nf6 14. Ne5 Nd7 15. e3 Nxe5 16. dxe5 Be7 17. Rfc1 Bd7 18. f4 Bc5 19. Bd4 Qb6 20. Qd3 a5 21. Bxc5 Qxc5 22. cxd5 Qb6 23. d6 Qa7 24. Bf3 g6 25. h4 h5 26. Kg2 Rf7 27. Qc3 Rc8 28. b4 b6 29. bxa5 bxa5 30. Rab1 Be8 31. Rc2 c5 32. Qc4 Bd7 33. Rb7 Qa8 34. Rxd7 Qb8 35. Qxe6 1-0